000 00697nam a2200253 a 4500
001 nice12345678
003 IN_TiNIC
005 20260116013256.0
008 050524s1989 dela grp 000 0 eng
020 _a817169X
_c250
082 0 0 _a297.197
_bHAS
100 _aHashmi, Masroor
245 _aMuslim Response to Western Education
_b Study of Four Pioneer Institutions
260 _aDelhi
_bCommenwealth Pub
_c1989
300 _a208p
500 _aincludes index and biblioraphy
505 2 _aBibliography, Index
650 _aIslam-Religious Institutes
650 _aMuslims-20th Century
700 1 _aHashmi, Masroor
902 _bSRS
942 _cBK
999 _c10363
_d10363